Logo BPK

Biblioteka

Politechniki Koszalińskiej

300 [trzysta] zadań z rachunku prawdopodobieństwa / (Rekord nr 18250)

Szczegóły MARC
000 -ETYKIETA REKORDU
podpole kontrolne o stałej długości 00376nam a2200145 i 4500
001 - NUMER KONTROLNY REKORDU
pole kontrolne bg
040 ## - ŹRÓDŁO KATALOGOWANIA
Instytucja, która utworzyła rekord BPK
041 ## - KOD JĘZYKA
Kod języka tekstu pol
080 ## - UNIWERSALNA KLASYFIKACJA DZIESIĘTNA - UKD
UKD 519(075.8)(076)
008 - POLE O STAŁEJ DŁUGOŚCI - DANE KONTROLNE
podpole kontrolne o stałej długości s pl f |000 0 pol
100 1# - NAZWA OSOBOWA
Nazwa osobowa BURDZY, Janina
245 #0 - TYTUŁ/ODPOWIEDZIALNOŚĆ
Tytuł 300 [trzysta] zadań z rachunku prawdopodobieństwa /
Pozostałe elementy strefy tytułu i oznaczenia odpowiedzialności Janina Burdzy.
260 ## - STREFA ADRESU WYDAWNICZEGO
Miejsce wydania Lublin :
Nazwa wydawcy/dystrybutora Wydaw. WSI,
Data publikacji, dystrybucji/powstania dokumentu 1977.
856 ## - LOKALIZACJA I DOSTĘP DO ELEKTRONICZNYCH DOKUMENTÓW ZDALNYCH
Link (URL) http://koha.tu.koszalin.pl/cgi-bin/koha/opac-detail.pl?biblionumber=18250
Tekst linku Katalog online BPK
942 ## - DODATKOWE ELEMENTY (KOHA)
Typ dokumentu Książka
Egzemplarze
Wycofany Status egzemplarza Uszkodzony Dostępność Lokalizacja stała Lokalizacja bieżąca Miejsce przechowywania Sygnatura Kod kreskowy Typ dokumentu
      Dostępny Biblioteka Politechniki Koszalińskiej Biblioteka Politechniki Koszalińskiej Wypożyczalnia BG 24168 01390278 Książka
© 2023 Biblioteka Politechniki Koszalińskiej :: KOHA